00296nam a2200133Ia 4500003000900000008004100009040001300050040001300063245004900076245001100125260001200136300000800148490000600156IT-RoPAU120407s9999 xx 000 0 und d aIT-RoPAU cIT-RoPAU aLa libera muratoria. Massoneria per problemi cAA.VV. aSugarco c cm v1